000 00455nam a22001817a 4500
003 CEME
005 20210628205628.0
008 210201b xxu||||| |||| 00| 0 eng d
020 _a969-35-0762-2
040 _c.
082 _a891.4393 MAN'M
100 _aMinto, Sadaat Hassan Sadaat Hassan Minto
_976282
245 _aMinto rama
260 _aLAHORE
_bSANG-E-MEEL
_c1998
300 _a954P
650 _aURDU ADAB-FICTIONS
_965572
942 _cBK
_2ddc
999 _c581729
_d581729